Finalcial accounting, reporting and analysis

में बचाया:
ग्रंथसूची विवरण
मुख्य लेखक: Elliott, Barry
स्वरूप: पुस्तक
भाषा:Undetermined
प्रकाशित: Halow, Eng. Prentice-Hall 2004
विषय:
टैग : टैग जोड़ें
कोई टैग नहीं, इस रिकॉर्ड को टैग करने वाले पहले व्यक्ति बनें!
Thư viện lưu trữ: Trung tâm Học liệu Trường Đại học Cần Thơ
LEADER 00528nam a2200193Ia 4500
001 CTU_63705
008 210402s9999 xx 000 0 und d
082 |a 657.3 
082 |b E46 
100 |a Elliott, Barry 
245 0 |a Finalcial accounting, reporting and analysis 
245 0 |c Barry Elliott and Jamie Elliott 
260 |a Halow, Eng. 
260 |b Prentice-Hall 
260 |c 2004 
650 |a Finance,Accounting 
650 |x Management 
904 |i Minh 
980 |a Trung tâm Học liệu Trường Đại học Cần Thơ